| 000 | 02364nam a22003377a 4500 | ||
|---|---|---|---|
| 005 | 2011063009489.0 | ||
| 010 | _aB-435683-687 | ||
| 020 |
_c15.00 _a8182630495 |
||
| 035 | _aB-435683-687 | ||
| 037 | _bब्ल्यूबेरी बुक्स | ||
| 082 | _a क | ||
| 100 |
_aबैनर्जी, रूक्मिणी _931112 |
||
| 245 |
_aचलो किताबें खरीदने / _cरूक्मिणी बैनर्जी; संतोष पुजारी द्वारा चित्रांकित |
||
| 246 |
_aChalo kitaben kharidane _bby Rukini Banerjee |
||
| 250 | _a3रा संस्क. | ||
| 260 |
_aनई दिल्ली _bप्रथम बुक्स _c2009 |
||
| 270 |
_bनई दिल्ली _k+91 11 41042483 _l _mwww.prathambooks.org |
||
| 300 |
_a20पृ.; _c14x20सेमी (अजिल्द) _bसचित्र |
||
| 490 |
_a _931113 |
||
| 500 | _a | ||
| 700 |
_929018 _aपुजारी, संतोष |
||
| 700 |
_929030 _aग्रेस्टोक |
||
| 710 |
_aजोशी, मधुबाला _929019 |
||
| 942 |
_2ddc _cCH _mबैनर्जी _h क |
||
| 999 |
_c53463 _d53463 |
||